Visualizzazione normale
Vista MARC
- Lolli Claudio
di Personal Name
Records bibliografici associati: 1
001 - CONTROL NUMBER
- control field: 4030
003 - CONTROL NUMBER IDENTIFIER
- control field: IT-RoPau
005 - DATE AND TIME OF LATEST TRANSACTION
- control field: 20131127145600.0
008 - FIXED-LENGTH DATA ELEMENTS
- fixed length control field: 131127|| aca||aabn | a|a d
040 ## - CATALOGING SOURCE
- Original cataloging agency: IT-RoPau
- Transcribing agency: IT-RoPau
100 ## - HEADING--PERSONAL NAME
- Personal name: Lolli Claudio
- Miscellaneous information: Codice interprete SPICS: 10989
- Relator term: Interprete
670 ## - SOURCE DATA FOUND
- Source citation: Work cat.: (IT-RoPau)101751: Lolli Claudio 4026, Aspettando Godot (Lp 3C 054-17814)